Statistiques concernant Destinations Air France

Cliquez ici pour prendre le quiz!

Statistiques générales

  • Ce quiz a été pris 225 fois
  • Le résultat moyen est 92 sur 225

Statistiques - réponses

Ville% Correct
New York City
90%
Marseille
89%
Los Angeles
86%
Lyon
86%
Tokyo Haneda
85%
Tokyo Narita
85%
Londres
83%
Nice
81%
Pékin
81%
Rome
81%
Toulouse
81%
Berlin
80%
Bordeaux
80%
Paris Charles de Gaulle
78%
Paris Orly
78%
Lille
77%
Milan
77%
Montreal
77%
Alger
75%
Madrid
75%
Rio de Janeiro
75%
Barcelone
74%
Lisbonne
74%
Nantes
74%
Dubaï
73%
Amsterdam
72%
Bruxelles
72%
Mexico
72%
Strasbourg
72%
Dublin
71%
Miami
71%
Munich
70%
Athènes
69%
Buenos Aires
69%
Shanghai
69%
Brest
68%
Porto
68%
Stockholm
68%
Oslo
67%
Tunis
67%
Copenhague
66%
Genève
66%
Istanbul
66%
Venise
66%
Vienne
66%
Washington
66%
Ajaccio
65%
Bastia
65%
Francfort-sur-le-Main
65%
Le Caire
65%
Manchester
65%
São Paulo
65%
Delhi
64%
Helsinki
64%
Naples
64%
Zurich
64%
San Francisco
63%
Budapest
62%
Dakar
62%
Rabat
62%
Saint-Denis
62%
Seville
62%
Casablanca
61%
Séoul
61%
Montpellier
60%
Rennes
60%
Toronto
60%
Vancouver
60%
Varsovie
60%
Bangkok
58%
Fort-de-France
58%
Johannesburg
58%
Le Cap
58%
Bucarest
57%
Chicago
57%
Hong Kong
57%
Prague
57%
Turin
57%
Lima
56%
Santiago
56%
Singapour
56%
Tel Aviv
56%
Mumbai
55%
Ottawa
55%
Atlanta
54%
Édimbourg
54%
Doha
53%
Seattle
52%
Bogotá
51%
Hambourg
51%
Dallas
50%
Zagreb
50%
Bamako
49%
Sofia
49%
Abidjan
47%
Boston
47%
Houston
47%
La Havane
47%
Málaga
47%
Osaka
47%
Pointe-à-Pitre
47%
Florence
46%
Kinshasa
46%
Cayenne
45%
Beyrouth
44%
Oran
43%
Brazzaville
42%
Nairobi
42%
Antananarivo
41%
Cancun
41%
Belgrade
40%
Bilbao
40%
Clermont-Ferrand
40%
Lagos
40%
Biarritz
39%
Panama
38%
Perpignan
38%
Rotterdam
38%
Toulon
38%
Yaoundé
38%
Tirana
37%
Ljubljana
36%
Denver
35%
San José
34%
Bari
33%
Ibiza
33%
Accra
32%
Birmingham
32%
Pau
32%
Stuttgart
32%
Caen
31%
Libreville
31%
Port-Louis
31%
Saint-Domingue
31%
Basel-Mulhouse-Freiburg
29%
Faro
29%
Lomé
29%
Luanda
29%
Papeete
29%
Detroit
28%
Djibouti City
28%
Dubrovnik
28%
Ouagadougou
28%
Rouen
28%
Split
28%
Erevan
27%
Cagliari
26%
Calvi
26%
Düsseldorf
26%
Malé
26%
Agadir
25%
Alicante
25%
Niamey
25%
Port-au-Prince
25%
Tbilissi
25%
Abuja
23%
Cotonou
23%
Dar Es Salaam
23%
Douala
23%
Heraklion
23%
Mascate
23%
Mykonos
23%
Ndjamena
23%
Nouakchott
23%
Zanzibar
23%
Bangalore
22%
Conakry
22%
La Rochelle
22%
Malte
22%
Santa Cruz de Tenerife
21%
Cork
20%
Djerba
20%
Figari
20%
Nuremberg
20%
Salzburg
20%
Bangui
19%
Freetown
19%
Bergen
18%
Brême
17%
Chennai
17%
Colombo
17%
Las Palmas
17%
Marrakesh
17%
Rhodes
17%
Maputo
16%
Victoria
16%
Pise
14%
Banjul
12%
Fortaleza
12%
Innsbruck
12%
Pointe-Noire
10%
Monrovia
9%
Olbia
9%
Newark
8%
Santorini
8%
Tromsø
8%
Belém
7%
Malabo
7%
Monastir
6%
Palermo
6%
Corfu
5%
Palma de Mallorca
5%
Rovaniemi
5%
Bologna
4%
Brive
4%
Catania
4%
Genoa
4%
Gothenburg
4%
Ho Chi Minh City
4%
Quebec City
4%
Tangier
4%
Wrocław
4%
Kraków
3%
Thessaloniki
3%
Billund
2%
Castres
2%
Port Harcourt
2%
Antwerp
1%
Hanover
1%
Newcastle upon Tyne
1%
Philipsburg
1%
Zakynthos
1%
Kittilä
0%
Pays Valencien
0%
Yangon
0%

Distribution des résultats

Percentile par nombre de réponses

% des personnes avec chaque résultat

Votre développement - résultats

Vous n’avez pas pris ce quiz